Представление документа в формате RUSMARC

ПолеНазваниеЗначение
  Тип записи a
  Библиографический уровень m
001 Контрольный номер RU/IS/BASE/350497036
005 Дата корректировки 20201206204113.8
010 Индекс ISBN __
a ISBN 5-89939-045-x
d Цена 75-00
101 Язык документа __
a Язык текста rus
c Язык оригинала eng
200 Заглавие и сведения об ответственности 0_
a Заглавие Сексуальная жизнь подростков: открытие тайного мира взрослеющих мальчиков и девочек
f Первые сведения об ответственности Л. Понтон ; [пер. с англ. Э. Касимова]
b Общее обозначение материала Текст
210 Выходные данные __
a Место издания М.
c Издательство Изд-во Ин-та Психотерапии
d Дата издания 2001
215 Физическое описание __
a Объем 272 с.
330 Аннотация __
a Аннотация Сексуальная жизнь подростков и связанные с ней проблемы не имеют географических границ. Во всем мире подрастающие девочки и мальчики начинают испытывать интерес к "этому", ищут ответы на одни и те же вопросы, сталкиваются с похожими трудностями и одинаково нуждаются в поддержке и понимании взрослых. Эту книгу полезно прочитать подросткам и их родителям, педагогам, врачам, психологам, а также всем взрослым.
606 Тематические рубрики __
a Основная рубрика Образование. Педагогика
606 Тематические рубрики __
a Основная рубрика Теория и методика воспитания
610 Ключевые слова __
a Ключевые слова детская психология; дети; сексология; сексуальность; подростки; свидания; фантазии; менструация; секс; половая жизнь; половой акт; беременность; ЗППП; изнасилование; жертвы; насильники; родители; сексуальная ориентация; сексуальная идентификация; сексуальное воспитание; половое воспитание
686 Индексы других классификаций __
a Классификационный индекс 74.200.557 ; В74.200.56
700 Автор _1
a Фамилия Понтон
b Имя Л.
4 Код отношения 070
702 Вторичная интеллектуальная ответственность _1
a Фамилия Касимов
b Имя Э.
4 Код отношения Переводчик
4 Код отношения 730
801 Источник записи _0
a Страна RU
b Организация Муниципальное бюджетное учреждение культуры "Централизованная библиотечная система" г. Сургут (Центральная городская библиотека им. А. С. Пушкина)
g Правила каталогизации КиК/Поспелова
801 Источник записи _1
a Страна RU
b Организация Муниципальное бюджетное учреждение культуры "Централизованная библиотечная система" г. Сургут (Центральная городская библиотека им. А. С. Пушкина)
g Правила каталогизации КиК/Поспелова
852 Данные о местонахождении __
j Шифр хранения 74.200.557
c Каталожный индекс 74.200.56
i Авторский знак П 56
901 Тип документа 1_
t Тип документа m
903 Характеристики (МАРС) __
a Дата передачи 20031020
990 Данные о заказе (DOS) __
j Количество экземпляров (DOS) 3
t N записи в КСУ для И/У (DOS) 200310